Español básico - Statistics

General Stats
  • This quiz has been taken 258 times
    5 since last reset
  • The average score is 30 of 84
Answer Stats
English Español % Correct
Good night Buenas noches
100%
Good afternoon Buenas tardes
100%
Hello Hola
100%
Welcome Bienvenido
67%
Good morning Buenos Días
67%
No No
67%
Goodbye Adiós
33%
Here you go Aquí tienes
33%
Lets see A ver
33%
Help (general) Ayuda
33%
Enough/Stop it! ¡Basta!
33%
Well done Bien hecho
33%
Good luck! ¡Buena suerte!
33%
Good job Buen trabajo
33%
Sure Claro
33%
How are you? ¿Cómo estás?
33%
How do you say in Spanish? ¿Como se dice en Español?
33%
What is your name? (how are you called) ¿Cómo te llamas?
33%
How's it going? ¿Cómo va?
33%
Long time no see Cuánto tiempo
33%
It doesn't matter Da igual
33%
You’re welcome (It's nothing) De nada
33%
Slowly Despacio
33%
Stop! (officail) ¡Detente!
33%
My god Dios mío
33%
Excuse me Disculpe
33%
How can I help you? (In what can I help?) ¿En qué puedo ayudar?
33%
Oh really! (Seriously) ¡En serio!
33%
So Entonces
33%
Wait Espera
33%
It's okay Está bien
33%
Are you ok? ¿Estás bien?
33%
Great Genial
33%
Thank you Gracias
33%
Cool Guay
33%
See you later Hasta luego
33%
Likewise (equalmind) Igualmente
33%
Ready! ¡Listo!
33%
Sorry (deeper empathy) Lo siento
33%
So-So (More or Less) Más o menos
33%
It doesn't matter to me, I don't mind/care Me da igual
33%
My name is… (I'm called) Me llamo
33%
I forgot Me olvidé
33%
Same/Same Thing Mismo
33%
Nice to meet you Mucho gusto
33%
Very Good Muy bien
33%
Very well, thank you. Muy bien, gracias.
33%
No idea Ni idea
33%
I don’t understand No entiendo
33%
No problem No hay problema
33%
It's not important No importa
33%
I don't know No sé
33%
Hey Oye
33%
Stop (informal) Para
33%
Sorry (minor forgivness) Perdón
33%
For Example Por ejemplo
33%
Please Por favor
33%
Of Course Por supuesto
33%
Can I help you? ¿Puedo ayudarte?
33%
Well Pues
33%
Stay here Quédate aqui
33%
What are you doing? ¿Qué haces?
33%
What's happening! ¡Qué pasa!
33%
What a pity Qué peña
33%
What will/could it be? ¿Qué será?
33%
What does... mean? ¿Qué significa...?
33%
What's up! ¡Qué tal!
33%
Have a nice day Que tengas un beun día
33%
Cheers! ¡Salud!
33%
Yes
33%
Follow me Sígueme
33%
Help! (emergency) ¡Socorro!
33%
So (used to intinsify eg. she is so beuatiful) Tan
33%
So Much/So Many Tanto
33%
You're Right (You have reason) Tienes razón
33%
Still Todavía
33%
All good (well), and you? Todo bien, ¿y tú?
33%
One moment Un momento
33%
OK Vale
33%
Let's go! (more urgency) ¡Vamanos!
33%
Let's go! (general) Vamos
33%
Come here Ven aquí
33%
Up, Down, To The Centre, For Inside! (Spanish/Meixcan Toast) ¡Arriba, abajo, al centro, pa' dentro!
0%
A while Rato
0%
No matching quizzes found
Score Distribution
Percent of People with Each Score
Percentile by Number Answered
Your Score History
You have not taken this quiz since the last reset